| 000 | 00569nam a2200169 i 4500 | ||
|---|---|---|---|
| 001 | 163237 | ||
| 003 | ES-MaACL | ||
| 005 | 20230906212712.0 | ||
| 008 | 990409s1895 po |||| | por d | ||
| 040 |
_aCCPB | B _bspa _cCCPB | B |
||
| 100 | 1 |
_aRemédios, Mendes dos ( _d1867-1932) _980103 |
|
| 245 | 1 | 3 |
_aOs judeus em Portugal / _cJ. Mendes dos Remedios. |
| 260 |
_aCoimbra : _bF. França Amado ..., _c1895. |
||
| 300 |
_a454 p. ; _c24 cm. |
||
| 650 | 4 |
_aJudíos- _zPortugal- _xHistoria. _914005 |
|
| 852 |
_aES-MaACL _jC-1959 _z-- Enc. hol. conservando la cub. original |
||
| 999 |
_c163237 _d163237 |
||